O incidente da desconsideraȯ̂ da personalidade jurd̕ica e o processo do trabalho

Bibliographic Details
Main Author: Gonȧlves Moreira, Tatiana
Format: eBook
Language:Portuguese
Published: San Pablo: LTR, 2018
Subjects:
Online Access:Acceso restringido

MARC

LEADER 00000nam a22000007a 4500
005 20180907203515.0
007 cr|||| ||||
008 180907s2018 br |||||s|||| 00||0 por d
020 |a 978-85-361-9594-0 
035 |a 22007 
040 |a vLex 
090 |c 8095  |d 8095 
100 1 |a Gonȧlves Moreira, Tatiana 
245 1 1 |a O incidente da desconsideraȯ̂ da personalidade jurd̕ica e o processo do trabalho  |h [Recurso electrn̤ico] /  |c Tatiana Gonȧlves Moreira 
256 |a Servicio en ln̕ea 
260 |a San Pablo:  |b LTR,  |c 2018 
300 |a 1 recurso electrn̤ico 
506 1 |a Disponible solo en los productos indicados  |d vLex Global  |d vLex Global (Academic Edition, excluding Law Schools)  |d vLex Global (U.S. Academic Edition, Law Schools)  |d vLex Global (U.S. Academic Edition, excluding Law Schools)  |d vLex Global (Academic Edition, Law Schools) 
650 0 4 |a Derecho Laboral y Seguridad Social  |z Brasil 
740 0 |a vLex Libros (Servicio en ln̕ea) 
856 4 0 |u http://vlex.com/source/incidente-desconsidera-o-personalidade-juridica-processo-trabalho-22007  |z Acceso restringido 
942 |c BOOK 
999 0 |a Labor law and social security